| 000 | 00707cam a22001694a 4500 | ||
|---|---|---|---|
| 005 | 20250605163249.0 | ||
| 008 | 250528s ||||||||||||||||||||||||d | ||
| 035 | _a15635 | ||
| 040 |
_aGR-AtMCL _bgre _dGR-AtMCL _eAACR2 |
||
| 245 | 1 | _aLatin American-European Business Cooperation / Proceedings of the Symposium Held in Montreux | |
| 260 |
_bInter-American Development Bank, _c1979 |
||
| 300 | _a268 | ||
| 520 | _aIntroduction, Program of the Symposium, Opening Plenary Session, Second Plenary Session, Third Plenary Session, Fourth Plenary Session, Fifth Plenary Session, Closing Plenary Session, Special SeminarsStrategy Work Groups, Participants. | ||
| 942 | _cBK | ||
| 999 |
_c1200 _d1200 |
||